000 00613cam a22002291 4500
001 sa 65005116
003 DLC
005 20260227112135.0
008 900123s1965 ii abc 000 0 maro
010 _asa 65005116
035 _a(OCoLC)20945128
040 _aDLC
_cWaU
_dDLC
042 _apremarc
043 _aa-ii---
050 0 0 _aDS485.M34
_bP4
100 1 _aPendse, Lalji Moreshvar,
_d1900-
245 1 0 _aMahārāshṭrāce mahāmanthana.
260 _c1965.
300 _a9, 858 p.
_billus., maps, ports.
_c23 cm.
500 _aIn Marathi.
651 0 _aMaharashtra (India)
_xPolitics and government.
999 _c64123
_d64123